000 00751nam a2200289Ia 4500
005 20260324113853.0
008 008 260324s9999 xx 000 0 eng d
020 _a9781003316671
037 _aEBOOK
040 _aCRL
040 _beng
040 _cCRL
041 _2eng
041 _aeng
084 _qCRL
100 _aRakesh K. Jain; Parikshit Narendra Mahalle; Prashant Shantaram Dhotre; Deepak Tatyasaheb Mane
_91148504
245 0 _aData Science for Civil Engineering
245 2 _bA Beginner's Guide
260 _bTaylor and Francis
260 _c2023
365 _a
365 _b160
856 _uhttp://www.taylorfrancis.com/books/9781003316671
942 _cEBOOK
999 _c1738382
_d1738382